000 00376pab a2200157 454500
008 180718b2000 xxu||||| |||| 00| 0 eng d
100 _aAgarwal, Rashmi
245 _aThe erosion of university autonomy
260 _c2000
300 _ap.7-8
362 _a13 Nov
650 _aUniversities
650 _aEducational autonomy
773 _aUniversity News
909 _a46872
999 _c46872
_d46872